000 01163nam a22002778a 4500
005 20080908163306.0
008 080829s2008 cau b 001 0 eng
010 _aENG-92354
020 _a9788178298863
_c495.00
035 _aEN-75887
037 _bDBAD / PUB
040 _adpl
_bEnglish
082 _a301.0954
245 _aAnthropologists inside Organisations South Asian case studies /
_cedited by Devi Sridhar
260 _aNew Delhi
_bSage Publications,
_c2008
270 _aB1/I-1, Mohan Cooperative Industrial Area, Mathura Road,
_bNew Delhi
_e110044
300 _aviii, 170p.
_c22cm (Hb)
504 _aIncludes index.
650 _aOrganizational sociology
_vCase studies.
650 _aBusiness anthropology
_zSouth Asia
_vCase studies.
650 _aOrganizational behavior
_zSouth Asia
_vCase studies.
650 _aAssociations, institutions, etc.
_zSouth Asia
_vCase studies.
700 _aSridhar, Devi
942 _2ddc
_cEN
_h301.0954
_mANT
999 _c20543
_d20543